00941nam a22001937a 4500003000800000008004100008037002000049040003000069080001800099100002900117245014400146260006900290300002300359502020100382650005400583655002300637700003500660710005200695BI-BuBU250521b202 B fr|||| 000 0 fre d bDon de l'auteur aBI-BuBUcBI-BuBUdBI-BuBU a551.482.215.31 4aut.aHakizimana,Richard10aContribution à l'etude des inondations dans la partie Nord de la ville de BujumburacRichard Hakizimana ; Désiré Kubwimana ,directeur aBujumburabUniversité du Burundi, Faculté des Sciencesc2025 aXIV-87 f. c30 cm. aMémoire présenté et défendu publiquement en vue de l'obtention du diplome de master en Sciences et Gestion integrée de l'environnement (MSGIE) Spécialité : Génie de l'environnement 72BI-BuBUaInondationzNord de la ville zBujumbura 72BI-BuBUaMémoire 4dir.aKubwimana , Désiré  aUniversité du BurundibFaculté des Sciences